[Event "Stay Safe Play From Home 257"]
[Site "Emanuel Lasker Arena"]
[Date "2020.06.26"]
[Round "4"]
[White "little champs"]
[Black "AChessPlayer"]
[Result "1-0"]
[WhiteElo "2205"]
[BlackElo "2465"]
[Annotator "TA"]
[PlyCount "135"]
[EventDate "2020.06.26"]
[EventType "swiss (blitz)"]

{[%evp 17,135,0,9,0,10,0,0,0,13,0,0,0,0,-10,11,-23,-26,-18,0,0,0,-62,-62,-62,-61,-54,169,170,163,177,194,191,191,197,190,160,163,152,187,161,171,154,166,153,190,188,204,81,214,-108,245,236,237,214,213,213,213,213,236,220,868,359,319,307,482,396,546,480,562,523,673,672,630,443,495,236,364,311,290,285,285,188,177,165,329,58,59,59,61,0,62,0,176,149,135,0,0,0,0,0,0,0,0,0,0,0,0,0,0,0,0,0,0,0,0,0,0,0,0,0]} 1. d4 d5 2. e3 Nf6 3. Nf3 Bf5 4. Be2 c6 5. O-O Nbd7 6. c4 e6 7. Nc3 Be7 8. b3 h6 9. Bb2 O-O 10. Rc1 {D12: Slav Defence: 3 Nf3 Nf6 4 e3 Bf5.} a5 {[#]} 11. Nh4 $146 ({Predecessor:} 11. Bd3 Bxd3 12. Qxd3 Qb6 13. Rfd1 Qa6 14. e4 dxe4 15. Nxe4 a4 16. Nc3 axb3 17. axb3 Qb6 {½-½ (61) Goric,E (2306)-Mufic,G (2252) Bol 2014}) 11... Bh7 12. Nf3 Qb6 13. Bd3 Bxd3 14. Qxd3 Qa6 15. Rfd1 Rfc8 16. c5 Qxd3 17. Rxd3 b6 18. Na4 bxc5 19. Nxc5 ({Better is} 19. dxc5 $11 Rab8 20. Rdd1) 19... Nxc5 $15 20. dxc5 Nd7 21. Ne5 Bf6 $2 (21... Nf8 $15 {stays ahead.}) 22. Nxd7 $18 Bxb2 23. Rc2 Bf6 24. Nb6 $1 {[%csl LRa8,LRc8][%mdl 64] [#] Double Attack} Rab8 25. Nxc8 Rxc8 {[%mdl 4096] Endgame KRR-KRB} 26. f3 Rb8 27. Kf2 g5 28. Ke2 Kg7 29. g3 Kg6 30. h3 Be7 31. g4 Rb5 32. Rdc3 (32. e4 $18 {and White stays clearly on top.}) 32... f5 (32... Bf6 $16) 33. Kd3 $2 ({White should play} 33. e4 $18) 33... e5 $2 {[%mdl 8192]} (33... Bf6 $17 {keeps the pressure on.}) 34. gxf5+ Kxf5 35. e4+ Ke6 36. exd5+ Kxd5 37. Ke3 Bxc5+ 38. Ke2 {aiming for a4.} h5 $2 (38... a4 39. bxa4 Ra5) 39. Rc4 (39. a4 $142 Rb4 40. Rxc5+ {[%mdl 64] Double Attack} Kd6 41. Rxc6+ Kd7 42. R6c5) 39... Bd4 40. Rxc6 h4 (40... g4 $142 41. hxg4 hxg4 42. fxg4 a4 43. bxa4 Rb1) 41. Rg6 Rb8 42. Rxg5 Rf8 43. Rg4 Ke6 44. Rc6+ Kd5 45. Rcg6 a4 46. bxa4 (46. Rg8 $142 Rf7 47. Rd8+ Kc5 48. Rxh4) 46... Rb8 (46... Ra8 $142 47. f4 (47. Rxh4 Rxa4 48. Kf1 Rxa2 $18) 47... Rxa4 48. fxe5 Rxa2+ 49. Kd1 Bxe5 50. Rxh4 Ra1+ 51. Kc2 Ra2+ 52. Kb3 Rb2+ 53. Ka3 Re2) 47. Rxh4 Rb2+ 48. Kd3 Rxa2 49. Rg8 {Hoping for Rd8+.} Ra3+ 50. Ke2 {Rd8+ is the strong threat.} Rxa4 $2 (50... Ra2+ 51. Kd3 (51. Kf1 Ra1+ 52. Ke2 Ra2+ 53. Kd3 Ra3+ 54. Kc2 Rc3+ 55. Kd1 Rxf3 $18) 51... Ra3+ 52. Ke2 Ra2+ 53. Kd3 (53. Kf1 Ra1+ 54. Ke2 Ra2+ $18)) 51. Rh7 $2 ({Only move:} 51. Rd8+ $18 Kc5 52. f4) 51... Ra2+ $14 52. Kd3 {Strongly threatening Rd8+.} Ra3+ 53. Ke2 {And now Rd8+ would win.} Ra2+ $1 54. Kf1 (54. Kd1 $14) 54... Kc4 $2 (54... Ra1+ $1 $11 {and Black stays safe.} 55. Ke2 Ra2+) 55. Rc7+ Kd3 {[#]} 56. Rd8 (56. Rcc8 $1 $16) 56... Rf2+ $1 $11 {[%mdl 64] Double Attack. The position is equal.} 57. Ke1 {White threatens Rxd4+! and mate.} Rg2 {[%cal Rg2g1]} 58. Rxd4+ $1 (58. Kf1 $2 {is a self mate.} Rg1#) 58... exd4 {KR-KR} 59. Kf1 Rg3 (59... Rc2 {looks sharper.} 60. Rd7 Ke3 61. Re7+ Kd2 62. h4 d3) 60. Kf2 Rxh3 61. Rg7 Rh6 62. f4 Rf6 63. Kf3 Kd2 64. Rd7 d3 65. Kg4 Ke2 66. Kg5 Rf8 67. f5 d2 68. f6 {[%mdl 32768] Accuracy: White = 63%, Black = 58%. . Loss on time!?} 1-0

[Event "Stay Safe Play From Home 257"]
[Site "Emanuel Lasker Arena"]
[Date "2020.06.26"]
[Round "4"]
[White "Lazieri3"]
[Black "SoulofWolf"]
[Result "0-1"]
[WhiteElo "2070"]
[BlackElo "2249"]
[PlyCount "94"]
[EventDate "2020.06.26"]
[EventType "swiss (blitz)"]

1. e4 {[%emt 0:00:01]} c5 {[%emt 0:00:00]} 2. Nc3 {[%emt 0:00:00]} Nc6 {[%emt 0:00:00]} 3. d3 {[%emt 0:00:01]} Nd4 {[%emt 0:00:00]} 4. Nf3 {[%emt 0:00:00]} Nxf3+ {[%emt 0:00:01]} 5. Qxf3 {[%emt 0:00:00]} Nf6 {[%emt 0:00:00]} 6. Bg5 {[%emt 0:00:01]} d6 {[%emt 0:00:01]} 7. h3 {[%emt 0:00:01]} h6 {[%emt 0:00:01]} 8. Bh4 {[%emt 0:00:01]} g5 {[%emt 0:00:01]} 9. Bg3 {[%emt 0:00:01]} Bg7 {[%emt 0:00:01]} 10. e5 {[%emt 0:00:01]} dxe5 {[%emt 0:00:01]} 11. Bxe5 {[%emt 0:00:00]} O-O {[%emt 0:00:00]} 12. Be2 {[%emt 0:00:01]} Be6 {[%emt 0:00:01]} 13. O-O {[%emt 0:00:01]} a6 {[%emt 0:00:02]} 14. Ne4 {[%emt 0:00:01]} Bd5 {[%emt 0:00:03]} 15. Nxf6+ {[%emt 0:00:01]} exf6 {[%emt 0:00:01]} 16. Qg3 {[%emt 0:00:06]} fxe5 {[%emt 0:00:01]} 17. Bf3 {[%emt 0:00:00]} b5 {[%emt 0:00:03]} 18. Bxd5 {[%emt 0:00:01]} Qxd5 {[%emt 0:00:00]} 19. Rfe1 {[%emt 0:00:01]} Rae8 {[%emt 0:00:01]} 20. Re4 {[%emt 0:00:01]} Qd6 {[%emt 0:00:01]} 21. Rae1 {[%emt 0:00:02]} f5 {[%emt 0:00:00]} 22. R4e2 {[%emt 0:00:01]} Re7 {[%emt 0:00:01]} 23. a3 {[%emt 0:00:03]} Rfe8 {[%emt 0:00:01]} 24. h4 {[%emt 0:00:03]} Qg6 {[%emt 0:00:02]} 25. Qh3 {[%emt 0:00:03]} g4 {[%emt 0:00:02]} 26. Qe3 {[%emt 0:00:02]} h5 {[%emt 0:00:02]} 27. Qxc5 {[%emt 0:00:01]} Re6 {[%emt 0:00:02]} 28. b3 {[%emt 0:00:02]} Kh7 {[%emt 0:00:00]} 29. a4 {[%emt 0:00:01]} bxa4 {[%emt 0:00:02]} 30. bxa4 {[%emt 0:00:00]} Bf8 {[%emt 0:00:01]} 31. Qc4 {[%emt 0:00:02]} a5 {[%emt 0:00:02]} 32. Qc3 {[%emt 0:00:01]} Bb4 {[%emt 0:00:01]} 33. Qc7+ {[%emt 0:00:02]} R8e7 {[%emt 0:00:01]} 34. Qc8 {[%emt 0:00:05]} Rc6 {[%emt 0:00:02]} 35. Qa8 {[%emt 0:00:06]} Ra6 {[%emt 0:00:03]} 36. Qc8 {[%emt 0:00:02]} Bxe1 {[%emt 0:00:01]} 37. Rxe1 {[%emt 0:00:01]} Rc6 {[%emt 0:00:01]} 38. Qa8 {[%emt 0:00:01]} Ra6 {[%emt 0:00:07]} 39. Qd5 {[%emt 0:00:00]} Rg7 {[%emt 0:00:01]} 40. Qxe5 {[%emt 0:00:01]} Rf6 {[%emt 0:00:02]} 41. Qe8 {[%emt 0:00:01]} Qxe8 {[%emt 0:00:02]} 42. Rxe8 {[%emt 0:00:00]} Rff7 {[%emt 0:00:00]} 43. Re2 {[%emt 0:00:00]} f4 {[%emt 0:00:01]} 44. Rd2 {[%emt 0:00:00]} g3 {[%emt 0:00:01]} 45. fxg3 {[%emt 0:00:01]} Rg6 {[%emt 0:00:00]} 46. Rd1 {[%emt 0:00:00]} Rfg7 {[%emt 0:00:00]} 47. d4 {[%emt 0:00:00]} Rxg3 {[%emt 0:00:00] Time (Lag: Av=0.42s, max=0.9s)} 0-1

[Event "Stay Safe Play From Home 257"]
[Site "Emanuel Lasker Arena"]
[Date "2020.06.26"]
[Round "4"]
[White "Bardellosport"]
[Black "Buzaglo"]
[Result "1-0"]
[WhiteElo "2039"]
[BlackElo "1867"]
[Annotator "NA"]
[PlyCount "31"]
[EventDate "2020.06.26"]
[EventType "swiss (blitz)"]

1. d4 {[%emt 0:00:01]} e6 {[%emt 0:00:00]} 2. e3 {[%emt 0:00:00]} d5 {[%emt 0:00:00]} 3. f4 {[%emt 0:00:00]} Nf6 {[%emt 0:00:00]} 4. Nf3 {[%emt 0:00:00]} c5 {[%emt 0:00:00]} 5. Bd3 {[%emt 0:00:00]} cxd4 {[%emt 0:00:00]} 6. exd4 {[%emt 0:00:00]} Nc6 {[%emt 0:00:00]} 7. c3 {[%emt 0:00:00]} Bd6 {[%emt 0:00:01]} 8. Qe2 {[%emt 0:00:00]} Qc7 {[%emt 0:00:01]} 9. Ne5 {[%emt 0:00:00]} O-O {[%emt 0:00:02]} 10. O-O {[%emt 0:00:01]} Nd7 {[%emt 0:00:01]} 11. Rf3 {[%emt 0:00:01]} f6 {[%emt 0:00:01]} 12. Bxh7+ {[%emt 0:00:01]} Kxh7 {[%emt 0:00:06]} 13. Rh3+ {[%emt 0:00:00]} Kg8 {[%emt 0:00:01]} 14. Ng6 {[%emt 0:00:00]} f5 {[%emt 0:00:08]} 15. Qxe6+ {[%emt 0:00:01]} Rf7 {[%emt 0:00:02]} 16. Rh8# {[%emt 0:00:01] (Lag: Av=0.38s, max=0.4s)} 1-0

[Event "Stay Safe Play From Home 257"]
[Site "Emanuel Lasker Arena"]
[Date "2020.06.26"]
[Round "4"]
[White "Edmatuag"]
[Black "Haxhi Baha"]
[Result "0-1"]
[WhiteElo "1619"]
[BlackElo "1926"]
[Annotator "NA"]
[PlyCount "76"]
[EventDate "2020.06.26"]
[EventType "swiss (blitz)"]

1. e3 {[%emt 0:00:02]} c5 {[%emt 0:00:02]} 2. d4 {[%emt 0:00:01]} cxd4 {[%emt 0:00:00]} 3. exd4 {[%emt 0:00:00]} d5 {[%emt 0:00:00]} 4. c3 {[%emt 0:00:01]} Nc6 {[%emt 0:00:00]} 5. Be3 {[%emt 0:00:00]} Bf5 {[%emt 0:00:01]} 6. Nd2 {[%emt 0:00:00]} e6 {[%emt 0:00:00]} 7. Nb3 {[%emt 0:00:01]} Nf6 {[%emt 0:00:00]} 8. Bb5 {[%emt 0:00:01]} Bd6 {[%emt 0:00:01]} 9. Qe2 {[%emt 0:00:01]} O-O {[%emt 0:00:01]} 10. Nf3 {[%emt 0:00:01]} Ne4 {[%emt 0:00:02]} 11. h3 {[%emt 0:00:02]} Bg6 {[%emt 0:00:01]} 12. Bd3 {[%emt 0:00:01]} f6 {[%emt 0:00:02]} 13. Nh4 {[%emt 0:00:01]} Bf7 {[%emt 0:00:04]} 14. f3 {[%emt 0:00:01]} Bg3+ {[%emt 0:00:02]} 15. Kd1 {[%emt 0:00:07]} Bxh4 {[%emt 0:00:03]} 16. fxe4 {[%emt 0:00:02]} dxe4 {[%emt 0:00:01]} 17. Bxe4 {[%emt 0:00:01]} f5 {[%emt 0:00:00]} 18. Bxc6 {[%emt 0:00:01]} bxc6 {[%emt 0:00:00]} 19. Kc2 {[%emt 0:00:01]} a5 {[%emt 0:00:02]} 20. Qd2 {[%emt 0:00:01]} a4 {[%emt 0:00:01]} 21. Nc5 {[%emt 0:00:01]} Be7 {[%emt 0:00:02]} 22. b4 {[%emt 0:00:02]} axb3+ {[%emt 0:00:03]} 23. axb3 {[%emt 0:00:01]} Bxc5 {[%emt 0:00:01]} 24. dxc5 {[%emt 0:00:01]} Qe7 {[%emt 0:00:01]} 25. Qd6 {[%emt 0:00:02]} Qh4 {[%emt 0:00:03]} 26. g3 {[%emt 0:00:03]} Qe4+ {[%emt 0:00:02]} 27. Qd3 {[%emt 0:00:02]} Qg2+ {[%emt 0:00:04]} 28. Qd2 {[%emt 0:00:02]} Qe4+ {[%emt 0:00:01]} 29. Qd3 {[%emt 0:00:01]} Rxa1 {[%emt 0:00:01]} 30. Qxe4 {[%emt 0:00:01]} Ra2+ {[%emt 0:00:05]} 31. Kb1 {[%emt 0:00:03]} fxe4 {[%emt 0:00:00]} 32. Kxa2 {[%emt 0:00:01]} e5 {[%emt 0:00:02]} 33. Kb2 {[%emt 0:00:01]} Bd5 {[%emt 0:00:01]} 34. c4 {[%emt 0:00:03]} Be6 {[%emt 0:00:01]} 35. g4 {[%emt 0:00:03]} Rf3 {[%emt 0:00:00]} 36. Bg5 {[%emt 0:00:04]} h6 {[%emt 0:00:01]} 37. Be7 {[%emt 0:00:01]} Rf2+ {[%emt 0:00:01]} 38. Kc3 {[%emt 0:00:02]} e3 {[%emt 0:00:01] .} 0-1

[Event "Stay Safe Play From Home 257"]
[Site "Emanuel Lasker Arena"]
[Date "2020.06.26"]
[Round "4"]
[White "Topspin"]
[Black "Chase the sun"]
[Result "0-1"]
[WhiteElo "1285"]
[BlackElo "1828"]
[Annotator "NA"]
[PlyCount "48"]
[EventDate "2020.06.26"]
[EventType "swiss (blitz)"]

1. e4 {[%emt 0:00:01]} e6 {[%emt 0:00:01]} 2. Nf3 {[%emt 0:00:01]} d5 {[%emt 0:00:00]} 3. exd5 {[%emt 0:00:00]} exd5 {[%emt 0:00:00]} 4. d4 {[%emt 0:00:01]} Bg4 {[%emt 0:00:02]} 5. Bd3 {[%emt 0:00:01]} Bd6 {[%emt 0:00:00]} 6. O-O {[%emt 0:00:01]} Ne7 {[%emt 0:00:01]} 7. Re1 {[%emt 0:00:00]} Nd7 {[%emt 0:00:01]} 8. Bg5 {[%emt 0:00:01]} f6 {[%emt 0:00:01]} 9. Bh4 {[%emt 0:00:01]} O-O {[%emt 0:00:01]} 10. Nbd2 {[%emt 0:00:03]} f5 {[%emt 0:00:01]} 11. Bxe7 {[%emt 0:00:03]} Bxe7 {[%emt 0:00:02]} 12. c3 {[%emt 0:00:02]} c6 {[%emt 0:00:01]} 13. Qb3 {[%emt 0:00:01]} Qc7 {[%emt 0:00:02]} 14. Ne5 {[%emt 0:00:03]} Nxe5 {[%emt 0:00:05]} 15. dxe5 {[%emt 0:00:01]} Rae8 {[%emt 0:00:02]} 16. f4 {[%emt 0:00:01]} g5 {[%emt 0:00:03]} 17. g3 {[%emt 0:00:02]} gxf4 {[%emt 0:00:01]} 18. gxf4 {[%emt 0:00:01]} Kf7 {[%emt 0:00:01]} 19. Qc2 {[%emt 0:00:20]} Qd7 {[%emt 0:00:04]} 20. Kf2 {[%emt 0:00:07]} Qe6 {[%emt 0:00:01]} 21. b4 {[%emt 0:00:02]} Bh4+ {[%emt 0:00:01]} 22. Kg1 {[%emt 0:00:02]} Rg8 {[%emt 0:00:00]} 23. Kh1 {[%emt 0:00:02]} Qh6 {[%emt 0:00:03]} 24. Nf1 {[%emt 0:00:03]} Bf3+ {[%emt 0:00:02] Zeit (Lag: Av=0.48s, max=0.6s)} 0-1

[Event "Stay Safe Play From Home 257"]
[Site "Emanuel Lasker Arena"]
[Date "2020.06.26"]
[Round "5"]
[White "Broken sword"]
[Black "little champs"]
[Result "1-0"]
[WhiteElo "2445"]
[BlackElo "2232"]
[Annotator "TA"]
[PlyCount "89"]
[EventDate "2020.06.26"]
[EventType "swiss (blitz)"]

{[%evp 9,89,26,45,43,46,22,44,30,41,45,47,37,53,0,108,21,91,77,91,39,108,115,139,0,111,-11,-17,-19,37,-83,-14,-196,-191,-372,-327,-342,-355,-501,-482,-549,-204,-327,-193,-354,-208,-876,-823,-788,-563,-820,-150,-1088,324,323,373,372,356,360,343,0,227,0,386,372,422,312,29989,0,1256,0,0,0,1201,599,598,0,1089,-504,-477,-449,-393,-608]} 1. e4 c6 2. d4 d5 3. exd5 cxd5 4. Bd3 e6 5. Nf3 Nf6 6. O-O {B13: Caro-Kann: Exchange Variation and Panov-Botvinnik Attack.} Be7 7. Bg5 O-O 8. Nbd2 {White is slightly better.} Nc6 9. c3 Nd7 10. Bf4 {[#]} f6 $146 ({Predecessor:} 10... Bf6 11. Re1 Re8 12. Qc2 h6 13. Rad1 e5 14. dxe5 Ndxe5 15. Nxe5 Bxe5 16. Bxe5 Nxe5 {1-0 (85) Kashwan,H (1892)-Matsumura,C (1621) Helsingor 2017}) 11. Re1 (11. Qe2 $14 e5 12. dxe5) 11... Nb6 (11... g5 $11 12. Be3 g4) 12. Rc1 (12. Qc2 $16) 12... Bd6 (12... g5 $1 $11 13. Be3 g4) 13. Bg3 Re8 14. Bb1 (14. Qc2 $16 h6 15. Nh4) 14... e5 (14... Bxg3 $14 15. hxg3 (15. fxg3 Bd7 $11) 15... Bd7) 15. dxe5 $16 fxe5 16. Nb3 (16. c4 $16) 16... e4 (16... Bg4 $1 $11 {remains equal.}) 17. Nfd4 (17. Bxd6 $16 {Threatens to win with Bf4.} Bg4 {[%mdl 64] Pin} 18. Bc5) 17... Bxg3 $11 18. hxg3 Ne5 (18... Qg5 $11) 19. Qe2 (19. f3 $1 $14 {stays ahead.}) 19... Qf6 (19... Bg4 $17 20. f3 exf3) 20. Rcd1 $2 (20. f3 $11) 20... Bg4 $19 {[%mdl 64] Skewer} 21. Qd2 $2 (21. f3 {is the only way for White.} exf3 22. Qf2) 21... Bxd1 22. Rxd1 Nbc4 23. Qc1 (23. Qe2 $142) 23... Rf8 24. Rf1 e3 $2 (24... Ng4 25. f3 Nce3) 25. f3 (25. f4 $142 Nc6 26. Re1) 25... Qh6 (25... Rae8 $142 26. Bc2 Qg5) 26. Re1 $2 (26. Nf5 Qa6 27. Nxe3) 26... Rae8 (26... Qg5 $142 27. Qc2 g6) 27. Nc5 $2 (27. Nf5 Qb6 28. Nfd4) 27... Qg5 28. g4 Rxf3 29. Nd3 Nxd3 $2 (29... Rg3 $19 {is more deadly.} 30. Re2 Nxg4) 30. Bxd3 $2 (30. Nxf3 $17 Qg6 31. Bxd3 Qxd3 32. Qb1 Qxb1 33. Rxb1) 30... Qxg4 $4 {[%mdl 8192]} (30... Rf2 $19 {and life is good for Black.} 31. Bxc4 dxc4) 31. Nxf3 $18 Qg3 {Threatening ...Nd2!} 32. Bxc4 Qf2+ 33. Kh1 dxc4 34. Nh2 $2 (34. Qd1 $18) 34... Re5 $2 {[#]} (34... e2 $11) 35. Qd1 $2 (35. Rf1 $1 $18 {[%cal Rf1f2]} Qe2 36. Nf3) 35... g6 $2 {[%mdl 8192]} (35... e2 $1 $11 36. Qd8+ Kf7 37. Qc7+ Kg6 38. Qd6+ Kf7 39. Qc7+ Kg6 40. Qd6+ Kf7 41. Qd7+ Kg6 42. Qg4+ Kh6 43. Qh3+ Kg6 44. Qg4+ {[%mdl 64] Double Attack} Kh6 45. Qh3+ Kg6 46. Qg4+ {[%mdl 64] Double Attack}) 36. Qd8+ Kg7 37. Qd7+ Kf6 $2 (37... Qf7 $18 38. Qxf7+ Kxf7) 38. Rf1 $2 (38. Ng4+ {mates} Kg5 39. Nxf2 {[%mdl 64] Pin} e2 40. Qg4+ Kf6 41. Qf4+ Ke6 42. Qxc4+ Ke7 43. Ne4) 38... Qxf1+ $1 $11 39. Nxf1 e2 40. Qd6+ Re6 $2 {[%mdl 8192]} (40... Kf7 $11 41. Qc7+ Re7 42. Qxc4+ Kf8 43. Qf4+ Kg7 44. Qd4+ {[%mdl 64] Double Attack} Kg8 45. Qd5+ Kg7 46. Qd4+ {[%mdl 64] Double Attack} Kg8 47. Qd5+ Kg7 48. Qd4+ {[%mdl 64] Double Attack}) 41. Qd4+ Ke7 {[#]} 42. Qc5+ $2 (42. Qh4+ $1 $18 Ke8 43. Qe1 exf1=Q+ 44. Qxf1) 42... Kf6 $2 {[%mdl 8192]} (42... Kd8 $11 43. Qd5+ {[%mdl 64] Double Attack} Ke7 44. Qc5+ (44. Qxb7+ Kf6 $17) 44... Ke8 45. Qc8+ {[%mdl 64] Double Attack} Kf7 46. Qc7+ (46. Qxb7+ Kf6 $17) 46... Ke8 47. Qb8+ Kf7 48. Qc7+ {[%mdl 64] Double Attack} (48. Qxb7+ Kf6 $17) 48... Ke8 49. Qb8+ Kf7 50. Qc7+ {[%mdl 64] Double Attack} (50. Qxb7+ Kf6 $17)) 43. Qxc4 $4 {[%mdl 8192]} (43. Qf2+ $18 Kg7 44. Ne3) 43... e1=Q $19 {aiming for ...Re4.} 44. Qd4+ Qe5 {White must now prevent ...Qxd4.} 45. Qxe5+ {[%mdl 32768] What a bad dream for White. Accuracy: White = 21%, Black = 26%. . Loss on time!?} (45. Qxa7 $142 Qf4 46. Kg1) 1-0

[Event "Stay Safe Play From Home 257"]
[Site "Emanuel Lasker Arena"]
[Date "2020.06.26"]
[Round "5"]
[White "SoulofWolf"]
[Black "AChessPlayer"]
[Result "1-0"]
[WhiteElo "2258"]
[BlackElo "2437"]
[Annotator "TA"]
[PlyCount "117"]
[EventDate "2020.06.26"]
[EventType "swiss (blitz)"]

{[%evp 16,117,26,20,96,98,110,75,120,68,114,89,72,68,126,36,133,17,149,19,136,37,118,32,38,38,47,13,41,0,18,31,17,-50,82,16,19,28,53,-36,-17,-75,-59,-59,0,-167,-93,-121,-116,-132,-121,-193,-83,-232,-237,-258,-220,-314,-207,-283,-262,-252,-150,-153,-158,-147,-125,-239,-173,-597,-586,-525,-326,-281,-283,-498,-479,-514,-472,-447,-440,-616,-609,-757,-725,-712,-748,-757,-749,-1002,-974,-29984,-1124,-1057,-1000,-2175,-1741,-2281,-2503,-29991,-5529,-29989,-29990,-29990]} 1. Nf3 Nf6 2. c4 e6 3. e3 c5 4. d4 cxd4 5. exd4 d5 6. Nc3 Nc6 7. c5 Be7 8. Bb5 O-O {8...0-0 is better than 8...Bd7.} 9. O-O Nd7 {[#] B14: Caro-Kann: Panov-Botvinnik Attack with 5...e6 and 5...g6.} (9... Ne4 $11) 10. a3 $146 ({Predecessor:} 10. Re1 Re8 11. Bf4 Ndb8 12. Ba4 Bd7 13. Nb5 Na6 14. Nd6 Bxd6 15. Bxd6 f6 16. Bc2 {1-0 (29) Pereira,S (2201)-Da Justa,S (1911) Fortaleza 2019}) 10... Bf6 11. Be3 g6 {White is better.} 12. h3 (12. Re1 $16) 12... Bg7 13. Rc1 a6 14. Ba4 Ne7 ({Black should play} 14... b5 $14) 15. Bc2 (15. Re1 $16) 15... Nf5 (15... b6 $1 $14) 16. b4 (16. Bxf5 $16 gxf5 17. Qd2) 16... Nb8 (16... Nxe3 $11 17. fxe3 f5) 17. Re1 (17. Bxf5 $16 gxf5 18. Na4) 17... Bd7 (17... Nxe3 $11 {remains equal.} 18. fxe3 Nc6) 18. Rb1 (18. Bxf5 $16 gxf5 19. Bg5) 18... Bb5 (18... Nxe3 $14 19. fxe3 f5) 19. Bd3 (19. Bxf5 $16 gxf5 20. Nxb5 axb5 21. Rb3) 19... Bxd3 20. Qxd3 Nc6 21. Ne2 Re8 22. a4 a5 23. b5 Nb4 24. Qd1 (24. Qc3 $11) 24... f6 (24... Nxe3 $15 {keeps the upper hand.} 25. fxe3 Rc8) 25. Qb3 (25. Bd2 $16) 25... e5 26. dxe5 {And now Nc3 would win.} fxe5 27. Bg5 ({White should try} 27. Nc3 $1 $14) 27... Qc7 $36 {[%mdl 2048] Black has some pressure.} 28. Bd2 (28. g4 $11 Nh6 29. Red1) 28... Qxc5 $17 29. Rec1 Qe7 (29... Qd6 $15 30. g4 Ne7) 30. Bg5 $2 {[#]} (30. Bxb4 $11 {and White is okay.} axb4 31. Qxd5+ Kh8 32. Qe4) 30... Qf7 (30... Qd6 $19 31. g4 Nh6) 31. Bd2 h6 32. Bxb4 axb4 33. Qxb4 {[#]} (33. b6 $17) 33... d4 (33... e4 $1 $19 {[%cal Re4f3]} 34. Nfd4 e3) 34. g4 (34. a5 $17) 34... Ne7 35. Nh2 Rf8 36. Rf1 (36. Qb3 {might work better.}) 36... Rac8 37. Ng3 Nd5 38. Qb3 Nf4 (38... Nc3 $19 39. Qxf7+ Rxf7) 39. Qxf7+ Kxf7 40. h4 Ke6 41. Nf3 (41. a5 $17 {was worth a try.}) 41... Kd5 {Hoping for ...e4.} 42. Rfe1 $2 (42. b6 {is a better chance.}) 42... Rc3 $19 43. Nd2 Nd3 44. Nde4 Nxe1 45. Rxe1 $2 (45. Nxc3+ {only move.} dxc3 46. Rxe1) 45... Rc2 46. a5 Ra8 47. a6 bxa6 48. b6 Rb8 49. h5 Rxb6 50. hxg6 Rxg6 51. g5 Rb6 52. gxh6 Bxh6 53. Nf6+ Ke6 (53... Rxf6 $142 54. Rf1 d3 55. Kh2 Rcxf2+ 56. Rxf2 Rxf2+ 57. Kg1 Be3 58. Nf1 Bd4 59. Kh1 Rxf1+ 60. Kh2 d2 61. Kg2 d1=Q 62. Kh3 Qh5+ 63. Kg3 Rg1#) 54. Nfe4 Bf4 55. Nc5+ Kd5 56. Nce4 Bxg3 57. Nf6+ Kc4 (57... Rxf6 $142 58. fxg3 e4 59. Rd1 e3 60. Re1 Ke4 61. g4 Rff2 62. Rb1 Rg2+ 63. Kh1 Rh2+ 64. Kg1 Rcg2+ {[%mdl 64] Double Attack} 65. Kf1 Kf3 66. Ke1 Rh1#) 58. fxg3 Rxf6 59. Ra1 {[%mdl 32768] Accuracy: White = 27%, Black = 44%. . Loss on time!?} 1-0

[Event "Stay Safe Play From Home 257"]
[Site "Emanuel Lasker Arena"]
[Date "2020.06.26"]
[Round "5"]
[White "Haxhi Baha"]
[Black "Bardellosport"]
[Result "1-0"]
[WhiteElo "1931"]
[BlackElo "2048"]
[Annotator "NA"]
[PlyCount "65"]
[EventDate "2020.06.26"]
[EventType "swiss (blitz)"]

1. e4 {[%emt 0:00:01]} e6 {[%emt 0:00:01]} 2. d4 {[%emt 0:00:01]} d5 {[%emt 0:00:00]} 3. exd5 {[%emt 0:00:00]} exd5 {[%emt 0:00:00]} 4. Nf3 {[%emt 0:00:00]} c6 {[%emt 0:00:00]} 5. Bd3 {[%emt 0:00:01]} f5 {[%emt 0:00:00]} 6. O-O {[%emt 0:00:00]} Nf6 {[%emt 0:00:00]} 7. Re1+ {[%emt 0:00:00]} Ne4 {[%emt 0:00:01]} 8. Ne5 {[%emt 0:00:01]} Bd6 {[%emt 0:00:01]} 9. f3 {[%emt 0:00:01]} Bxe5 {[%emt 0:00:01]} 10. dxe5 {[%emt 0:00:03]} Qb6+ {[%emt 0:00:01]} 11. Be3 {[%emt 0:00:03]} d4 {[%emt 0:00:01]} 12. Bc1 {[%emt 0:00:12]} Nc5 {[%emt 0:00:03]} 13. Nd2 {[%emt 0:00:01]} Ne6 {[%emt 0:00:01]} 14. Nc4 {[%emt 0:00:02]} Qd8 {[%emt 0:00:01]} 15. Nd6+ {[%emt 0:00:01]} Kf8 {[%emt 0:00:03]} 16. Nxf5 {[%emt 0:00:02]} g6 {[%emt 0:00:01]} 17. Bh6+ {[%emt 0:00:02]} Ke8 {[%emt 0:00:03]} 18. Nd6+ {[%emt 0:00:02]} Kd7 {[%emt 0:00:01]} 19. b4 {[%emt 0:00:02]} b6 {[%emt 0:00:02]} 20. Nf7 {[%emt 0:00:02]} Qf8 {[%emt 0:00:03]} 21. Bxf8 {[%emt 0:00:02]} Rxf8 {[%emt 0:00:01]} 22. Nh6 {[%emt 0:00:02]} Kc7 {[%emt 0:00:01]} 23. Bc4 {[%emt 0:00:01]} Ng5 {[%emt 0:00:02]} 24. Qxd4 {[%emt 0:00:02]} Nd7 {[%emt 0:00:01]} 25. e6 {[%emt 0:00:01]} Kb7 {[%emt 0:00:00]} 26. exd7 {[%emt 0:00:03]} Bxd7 {[%emt 0:00:00]} 27. Qxd7+ {[%emt 0:00:01]} Kb8 {[%emt 0:00:00]} 28. Qd6+ {[%emt 0:00:01]} Kb7 {[%emt 0:00:01]} 29. Qe7+ {[%emt 0:00:01]} Kb8 {[%emt 0:00:02]} 30. Qxf8+ {[%emt 0:00:01]} Kc7 {[%emt 0:00:00]} 31. Qe7+ {[%emt 0:00:00]} Kb8 {[%emt 0:00:01]} 32. Ba6 {[%emt 0:00:01]} Ne6 {[%emt 0:00:02]} 33. Qb7# {[%emt 0:00:01] (Lag: Av=0.53s, max=1.1s)} 1-0